Pištoľ ako prídavok

Bibliographic Details
Main Author: Larni, Martti (Author)
Other Authors: Kerlik, Peter, 1946-2016 (Translator), Zemanovič, Karol (gup)
Format: Article
Language:Slovak
Subjects:

MARC

LEADER 00000nab a2200000 a 4500
001 vtls000041496
003 SK-MaSNL
005 20260304010036.0
008 111103c1979 xo 0 slo
015 |a SNBRB19rr/mm-uuuuu 
035 |a CL0051591 
040 |a SNKBUCL  |b slo  |c SNKBUCL  |e AACR2 
041 0 |a slo 
044 |a xo  |c SK 
080 |a 894.541-7  |2 1981 
100 1 |a Larni, Martti  |4 aut  |9 931342 
245 1 0 |a Pištoľ ako prídavok  |c Martti Larni ; P. Kerlík, Karol Zemanovič 
650 0 7 |a humoristické poviedky  |2 snkbucl  |9 74226 
655 7 |a články z novín a časopisov  |2 snkbucl  |9 267496 
655 7 |a články z odboru literárna veda a krásna literatúra  |2 snkbucl  |9 770045 
700 1 |a Kerlik, Peter,  |d 1946-2016  |4 trl  |9 56084 
700 1 |a Zemanovič, Karol  |4 gup  |9 5196 
773 0 |t Nedeľná Pravda  |g Roč. 12, č. 39 (1979), s. /13/ 
850 |a Slovenská národná knižnica v Martine  |a MTA001 
852 |a SNK  |b KIS3GCP 
958 |a RK 
958 |a LX 
992 |a RBX 
999 |c 2558837  |d 2560767